00936nam a22002417a 450000500170000001000110001702000100002803500110003803700160004904000120006508200150007710000280009224501620012026000570028227000450033930000380038450000510042265000220047365000310049594200240052699900190055095201250056920170124110233.0 a166699 c00.00 a166699 bCen Lib/Ret aDPLbEN a745.5bMEH aMehta, Rustam J.941754 aThe handicrafts and industrial arts of India /cby Rustam J. Mehtab a pictorial and descriptive survey of Indian craftsmanship as seen in masterpieces ... / aBombaybTaraporevala's Treasure House of Booksc1960 bBombaya210, Dr. D. Naoroji Roade400001 avarious pagings. :c27m(Hb)bill. aIncludes bibliographical references and index  aHandicraft941755 aIndia -- Industries941756 2ddccENh745.5mMEH c134783d134783 001040718REFaLbLd2015-07-31eCen Lib/Retg0.00l0o745.5 MEHp166699r2015-07-31 00:00:00t1v0.00w2015-07-31yEN